|
|
|
|
| LEADER |
02703nam a2200469 i 4500 |
| 001 |
nkc20253681438 |
| 003 |
CZ PrNK |
| 005 |
20250714140502.0 |
| 007 |
ta |
| 008 |
250409s2025 xr g 000 f cze |
| 015 |
|
|
|a cnb003681438
|
| 020 |
|
|
|a 978-80-277-4055-0
|q (brožováno) :
|c Kč 399,00
|
| 035 |
|
|
|a (OCoLC)1531363871
|
| 040 |
|
|
|a ABG001
|b cze
|e rda
|
| 041 |
1 |
|
|a cze
|h eng
|
| 072 |
|
7 |
|a 821.111(73)-3
|x Americká próza
|2 Konspekt
|9 25
|
| 080 |
|
|
|a 821.111(73)-31
|2 MRF
|
| 080 |
|
|
|a (0:82-312.5)
|2 MRF
|
| 100 |
1 |
|
|a McIntire, Emily,
|d 1989-
|7 xx0305940
|4 aut
|
| 240 |
1 |
0 |
|a Twisted.
|l Česky
|
| 245 |
1 |
0 |
|a Oslněni /
|c Emily McIntire ; přeložila Pavlína Wünschová
|
| 264 |
|
1 |
|a Praha :
|b Dobrovský s.r.o.,
|c 2025
|
| 300 |
|
|
|a 373 stran ;
|c 20 cm
|
| 336 |
|
|
|a text
|b txt
|2 rdacontent
|
| 337 |
|
|
|a bez média
|b n
|2 rdamedia
|
| 338 |
|
|
|a svazek
|b nc
|2 rdacarrier
|
| 490 |
1 |
|
|a Red
|
| 500 |
|
|
|a Přeloženo z angličtiny
|
| 520 |
2 |
|
|a Temný román inspirovaný příběhem o Aladinovi. Princezna Jasmína jako dědička diamantového impéria, Jafar jako nemilosrdný obchodník a Aladin jako sluha toužící po uznání - vítejte ve světě, ve kterém se hranice mezi dobrem a zlem stírá.
|b Yasmin Karam, dcera jednoho z nejbohatších mužů na světě, dosud zakusila pouze život plný privilegií. Když tedy její milovaný otec smrtelně onemocní, je odhodlaná splnit mu všechna přání. A to znamená uzavřít předem domluvený, výhodný sňatek. Yasminino srdce však už někomu patří. Sluhovi. Muži, kterého by její otec nikdy neschválil. Yasmin tak v zoufalosti uzavře dohodu s otcovým pobočníkem Julianem, ale to ještě netuší, že Julian má postranní úmysly. Julian Faraci si v dětství vytrpěl své. Proto si za cíl vytyčil stát se nejmocnějším mužem na světě a nebojí se přitom jít přes mrtvoly. Když však jeho vzor onemocní, náhle hrozí, že o všechno, co vybudoval, přijde. Julian je přesvědčený, že diamantové impérium právem náleží jemu, a je rozhodnutý ho získat - i když se bude muset oženit se ženou, kterou nemůže vystát. Nakladatelská anotace. Kráceno.
|
| 655 |
|
7 |
|a americké romány
|7 fd131796
|2 czenas
|
| 655 |
|
7 |
|a milostné romány
|7 fd132840
|2 czenas
|
| 655 |
|
9 |
|a American fiction
|2 eczenas
|
| 655 |
|
9 |
|a love novels
|2 eczenas
|
| 700 |
1 |
|
|a Wünschová, Pavlína,
|d 1998-
|7 xx0305950
|4 trl
|
| 787 |
0 |
8 |
|i Z cyklu:
|t Never after
|g 4
|
| 830 |
|
0 |
|a Red
|0 s
|
| 910 |
2 |
|
|a BOA001
|b 1-1545.543
|
| 920 |
|
|
|a 5093712
|z ABG001
|
| 990 |
|
|
|a BK
|
| 995 |
|
|
|a 01
|
| 991 |
|
|
|b 202506
|c NOV
|
| 996 |
6 |
|
|b 2611006277
|c 1-1545.543
|l MZK
|r Sklad / do 1 hodiny
|n 0
|p p.v.
|w 002009058
|u 000010
|a 1
|e BOA001
|j MZK50
|s P
|